<?xml version="1.0" encoding="UTF-8"?>
<record
    xmlns:xsi="http://www.w3.org/2001/XMLSchema-instance"
    xsi:schemaLocation="http://www.loc.gov/MARC21/slim http://www.loc.gov/standards/marcxml/schema/MARC21slim.xsd"
    xmlns="http://www.loc.gov/MARC21/slim">

  <leader>01766nam2a2200313   4500</leader>
  <controlfield tag="001">RU\NLR\bibl\2062904</controlfield>
  <controlfield tag="005">20260405195650.0</controlfield>
  <datafield tag="010" ind1=" " ind2=" ">
    <subfield code="a">978-5-4224-0651-7</subfield>
    <subfield code="b">&#x422;. 1</subfield>
  </datafield>
  <datafield tag="010" ind1=" " ind2=" ">
    <subfield code="a">978-5-4224-0650-0</subfield>
  </datafield>
  <datafield tag="021" ind1=" " ind2=" ">
    <subfield code="a">RU</subfield>
    <subfield code="b">2013-55139</subfield>
    <subfield code="9">3817</subfield>
  </datafield>
  <datafield tag="035" ind1=" " ind2=" ">
    <subfield code="a">(NLR Aleph) 002049562</subfield>
  </datafield>
  <datafield tag="090" ind1=" " ind2=" ">
    <subfield code="a">4634877</subfield>
    <subfield code="c">4634877</subfield>
  </datafield>
  <datafield tag="100" ind1=" " ind2=" ">
    <subfield code="a">20130814d2013    |||y0rusy50      ca</subfield>
  </datafield>
  <datafield tag="101" ind1="0" ind2=" ">
    <subfield code="a">rus</subfield>
  </datafield>
  <datafield tag="102" ind1=" " ind2=" ">
    <subfield code="a">RU</subfield>
  </datafield>
  <datafield tag="105" ind1=" " ind2=" ">
    <subfield code="a">a   |||||||||</subfield>
  </datafield>
  <datafield tag="200" ind1="1" ind2=" ">
    <subfield code="a">40 &#x43B;&#x435;&#x442; &#x441;&#x440;&#x435;&#x434;&#x438; &#x443;&#x431;&#x438;&#x439;&#x446; &#x438; &#x433;&#x440;&#x430;&#x431;&#x438;&#x442;&#x435;&#x43B;&#x435;&#x439;</subfield>
    <subfield code="e">&#x440;&#x430;&#x441;&#x441;&#x43A;&#x430;&#x437;&#x44B;</subfield>
    <subfield code="f">&#x418;.&#x414;. &#x41F;&#x443;&#x442;&#x438;&#x43B;&#x438;&#x43D;</subfield>
    <subfield code="g">[&#x438;&#x43B;. &#x445;&#x443;&#x434;&#x43E;&#x436;. &#x418;.&#x421;. &#x429;&#x435;&#x434;&#x440;&#x43E;&#x432;&#x441;&#x43A;&#x43E;&#x433;&#x43E;]</subfield>
  </datafield>
  <datafield tag="215" ind1=" " ind2=" ">
    <subfield code="a">397, [2] &#x441;.</subfield>
    <subfield code="c">&#x438;&#x43B;.</subfield>
  </datafield>
  <datafield tag="327" ind1="1" ind2=" ">
    <subfield code="a">&#x421;&#x43E;&#x434;&#x435;&#x440;&#x436;.: &#x418;&#x432;&#x430;&#x43D; &#x414;&#x43C;&#x438;&#x442;&#x440;&#x438;&#x435;&#x432;&#x438;&#x447; &#x41F;&#x443;&#x442;&#x438;&#x43B;&#x438;&#x43D;: &#x438;&#x437; &#x437;&#x430;&#x43F;&#x438;&#x441;&#x43E;&#x43A; &#x438; &#x432;&#x43E;&#x441;&#x43F;&#x43E;&#x43C;&#x438;&#x43D;&#x430;&#x43D;&#x438;&#x439; &#x441;&#x443;&#x434;&#x435;&#x431;&#x43D;&#x43E;&#x433;&#x43E; &#x434;&#x435;&#x44F;&#x442;&#x435;&#x43B;&#x44F;/ &#x41A;&#x43E;&#x43D;&#x438; &#x410;.&#x424;. 40 &#x43B;&#x435;&#x442; &#x441;&#x440;&#x435;&#x434;&#x438; &#x433;&#x440;&#x430;&#x431;&#x438;&#x442;&#x435;&#x43B;&#x435;&#x439; &#x438; &#x443;&#x431;&#x438;&#x439;&#x446;/ &#x41F;&#x443;&#x442;&#x438;&#x43B;&#x438;&#x43D; &#x418;.&#x414;. &#x41F;&#x440;&#x438;&#x43B;.: &#x41E;&#x447;&#x435;&#x440;&#x43A;&#x438; &#x43D;&#x435;&#x43A;&#x43E;&#x442;&#x43E;&#x440;&#x44B;&#x445; &#x432;&#x438;&#x434;&#x43E;&#x432; &#x432;&#x43E;&#x440;&#x43E;&#x432;&#x441;&#x442;&#x432;&#x430; &#x432; &#x41F;&#x435;&#x442;&#x435;&#x440;&#x431;&#x443;&#x440;&#x433;&#x435;; &#x423;&#x441;&#x43B;&#x43E;&#x432;&#x43D;&#x44B;&#x439; &#x44F;&#x437;&#x44B;&#x43A; &#x43F;&#x435;&#x442;&#x435;&#x440;&#x431;&#x443;&#x440;&#x433;&#x441;&#x43A;&#x438;&#x445; &#x43C;&#x43E;&#x448;&#x435;&#x43D;&#x43D;&#x438;&#x43A;&#x43E;&#x432;, &#x438;&#x437;&#x432;&#x435;&#x441;&#x442;&#x43D;&#x44B;&#x439; &#x43F;&#x43E;&#x434; &#x438;&#x43C;&#x435;&#x43D;&#x435;&#x43C; "&#x43C;&#x443;&#x437;&#x44B;&#x43A;&#x438;", &#x438;&#x43B;&#x438; "&#x431;&#x430;&#x439;&#x43A;&#x43E;&#x432;&#x43E;&#x433;&#x43E;" &#x44F;&#x437;&#x44B;&#x43A;&#x430;</subfield>
  </datafield>
  <datafield tag="461" ind1=" " ind2="0">
    <subfield code="1">001RU\NLR\bibl\2066551</subfield>
    <subfield code="1">2001#$a&#x420;&#x43E;&#x441;&#x441;&#x438;&#x439;&#x441;&#x43A;&#x438;&#x439; &#x441;&#x44B;&#x449;&#x438;&#x43A; &#x418;&#x432;&#x430;&#x43D; &#x414;&#x43C;&#x438;&#x442;&#x440;&#x438;&#x435;&#x432;&#x438;&#x447; &#x41F;&#x443;&#x442;&#x438;&#x43B;&#x438;&#x43D;$v&#x422;. 1</subfield>
    <subfield code="9">4650632</subfield>
    <subfield code="c">&#x41C;&#x43E;&#x441;&#x43A;&#x432;&#x430;</subfield>
    <subfield code="d">2013</subfield>
    <subfield code="n">&#x422;&#x435;&#x440;&#x440;&#x430;</subfield>
    <subfield code="o">[&#x432; 2 &#x442;.]</subfield>
    <subfield code="t">&#x420;&#x43E;&#x441;&#x441;&#x438;&#x439;&#x441;&#x43A;&#x438;&#x439; &#x441;&#x44B;&#x449;&#x438;&#x43A; &#x418;&#x432;&#x430;&#x43D; &#x414;&#x43C;&#x438;&#x442;&#x440;&#x438;&#x435;&#x432;&#x438;&#x447; &#x41F;&#x443;&#x442;&#x438;&#x43B;&#x438;&#x43D;</subfield>
    <subfield code="v">&#x422;. 1</subfield>
  </datafield>
  <datafield tag="686" ind1="2" ind2=" ">
    <subfield code="a">&#x428;6(2=&#x420;)58</subfield>
  </datafield>
  <datafield tag="702" ind1=" " ind2="1">
    <subfield code="4">040</subfield>
    <subfield code="8">rus</subfield>
    <subfield code="7">ca</subfield>
    <subfield code="a">&#x429;&#x435;&#x434;&#x440;&#x43E;&#x432;&#x441;&#x43A;&#x438;&#x439;</subfield>
    <subfield code="b">&#x418;. &#x421;.</subfield>
    <subfield code="c">&#x445;&#x443;&#x434;&#x43E;&#x436;&#x43D;&#x438;&#x43A;</subfield>
    <subfield code="f">1815-1870</subfield>
    <subfield code="g">&#x418;&#x433;&#x43D;&#x430;&#x442;&#x438;&#x439; &#x421;&#x442;&#x435;&#x43F;&#x430;&#x43D;&#x43E;&#x432;&#x438;&#x447;</subfield>
    <subfield code="3">RU\NLR\auth\7787330</subfield>
    <subfield code="9">70258</subfield>
  </datafield>
  <datafield tag="801" ind1=" " ind2="0">
    <subfield code="a">RU</subfield>
    <subfield code="b">NLR</subfield>
    <subfield code="c">20130814</subfield>
    <subfield code="g">RCR</subfield>
  </datafield>
  <datafield tag="801" ind1=" " ind2="1">
    <subfield code="a">RU</subfield>
    <subfield code="b">NLR</subfield>
    <subfield code="c">20130814</subfield>
  </datafield>
  <datafield tag="942" ind1=" " ind2=" ">
    <subfield code="c">BOOK</subfield>
  </datafield>
  <datafield tag="980" ind1=" " ind2=" ">
    <subfield code="a">NB</subfield>
  </datafield>
  <datafield tag="995" ind1=" " ind2=" ">
    <subfield code="5">2013-08-14</subfield>
    <subfield code="a">ad</subfield>
    <subfield code="b">NLR01</subfield>
    <subfield code="c">NLR01</subfield>
    <subfield code="e">RF8</subfield>
    <subfield code="f">3938345</subfield>
    <subfield code="k">2013-5/5989</subfield>
    <subfield code="o">0</subfield>
    <subfield code="r">BOOK</subfield>
    <subfield code="s">201355989_</subfield>
  </datafield>
  <datafield tag="995" ind1=" " ind2=" ">
    <subfield code="5">2013-08-14</subfield>
    <subfield code="a">ad</subfield>
    <subfield code="b">NLR01</subfield>
    <subfield code="c">NLR01</subfield>
    <subfield code="e">RF8</subfield>
    <subfield code="f">3938350</subfield>
    <subfield code="k">2013-5/5989</subfield>
    <subfield code="o">0</subfield>
    <subfield code="r">BOOK</subfield>
    <subfield code="s">201355989_</subfield>
  </datafield>
</record>
